Quizzes
Events
Quiz Creation
Community
Videos
Private Events
Remove Ads
Sign In
Join for FREE
Feedback
Dark Mode
Quiz Categories
Sports
Geography
Music
Movies
Television
Just For Fun
Miscellaneous
History
Literature
Language
Science
Gaming
Entertainment
Religion
Holiday
For Kids
Quiz Lab
Recent
Popular Today
Quiz Kudos Today
Editor Picks
Curator Picks
Quizzes by...
Day
Popularity
Type
Ratings
Length
Year
Community
Subscriptions
Recent Discussions
Orange Saloon
Badges
Playlists
Quests
Create
Leaderboards
Showdown
Live 5
Trivia Bingo
Activity
Puzzle Library
Sporcle Events
Private Events
Virtual Trivia
Globe League
Become a Host
Pub Owners
SporcleCon
Opinionation
Our Games
Videos
Blog
Mobile Apps
Partnerships
Remove Ads and Go Orange
Feedback
Just For Fun
Clickable
Get the Picture
Humor
Quick Pick
Word Ladder
Missing Word
Mixed Word
Blitz
Minefield
This or That
Alphabet
Color
Typing
Sporcle
Puzzle
Word Play
Follow That Line
Logic
Just For Fun
Clickable
Get the Picture
Humor
Quick Pick
Word Ladder
Missing Word
Mixed Word
Blitz
Minefield
This or That
Alphabet
Color
Typing
Sporcle
Puzzle
Word Play
Follow That Line
Logic
Random Quiz
Search Sporcle
×
Quiz Lab
Quiz Lab
Just For Fun
Show
Type in answers that appear in a list
Type in answers that appear in a list
Classic
Best Score? Go Orange.
TV Title Fill-in-the-blank(UK & Ireland) Stats
Can you name the missing word from the following TV show titles?
By
Ireland
5m
40 Questions
2,743 Plays
2,743 Plays
2,743 Plays
Comments
Comments
Give Quiz Kudos
Give Quiz Kudos
-
- Ratings
hide this ad
More Info
Replay
Link that replays current quiz
Next Quiz
Link to next quiz in quiz playlist
You Got
0%
They Got
Avg Score
72%
Avg Friend Score
Upgrade to see
Score Distribution
Jump to the score distribution portion of the page
Score
0/40
Timer
05:00
0
Plays Today
Title
% Correct
The _
_
Factor
X
97.1%
Coronation _
_
_
_
_
_
Street
96.3%
_
_
_
_
_
Office
The
95.8%
I'm a _
_
_
_
_
_
get me out of here
Celebrity
94.4%
Dancing on _
_
_
_
Ice
94%
Only _
_
_
_
and Horses
Fools
94%
_
_
_
Bean
Mr
93.8%
Men _
_
_
_
_
_
_
_
Badly
Behaving
92.3%
Bob the _
_
_
_
_
_
_
Builder
92.1%
Father _
_
_
_
_
Ted
90.9%
_
_
_
_
_
_
& Stacey
Gavin
90%
One Foot In the _
_
_
_
_
_
_
_
Grave
89.8%
Take Me _
_
_
_
_
_
Out
88.7%
Loose _
_
_
_
_
_
Women
88.5%
You've Been _
_
_
_
_
_
_
Framed
88.1%
Last of the Summer _
_
_
_
_
Wine
87.4%
_
_
_
_
_
_
_
of the Day
Match
86.8%
The _
_
_
_
_
_
_
Link
Weakest
86.4%
_
_
_
_
_
_
Come Dancing
Strictly
86.1%
A Question of _
_
_
_
_
_
_
Sport
83.9%
Title
% Correct
University _
_
_
_
_
_
_
_
_
Challenge
83.9%
Absolutely _
_
_
_
_
_
_
_
_
Fabulous
81.4%
Keeping Up _
_
_
_
_
_
_
_
_
Appearances
81.2%
East_
_
_
_
_
_
_
Enders
78.5%
The Late _
_
_
_
_
Show
Late
78.3%
The Krypton _
_
_
_
_
_
_
_
Factor
76.1%
Count_
_
_
_
_
down
76.1%
Robot _
_
_
_
Wars
76%
_
_
_
_
_
_
Britian
Little
72.3%
Big _
_
_
_
_
Brother
72%
Master_
_
_
_
_
mind
69.2%
Prime _
_
_
_
_
Time
51.5%
The _
_
_
_
_
_
_
_
Game
Sunday
48.5%
Bad _
_
_
_
_
_
Girls
34.3%
Winning _
_
_
_
_
_
_
_
Streak
31.4%
Fair _
_
_
_
_
_
City
31.3%
Off the _
_
_
_
_
_
_
Rails
17.9%
Ireland _
_
_
AM
16.4%
Naked _
_
_
_
_
_
Camera
12%
The _
_
_
_
_
_
_
Board
Lyrics
8.2%
Quiz Playlist
Details
Report
Send in Message
Add To Playlist
More Info:
Can you identify the missing word from the following UK and Ireland TV show titles?
Classic:
Type in answers that appear in a list
Last Updated: Mar 13, 2018
Quiz Scoreboard
CHALLENGE
Sign Up to Join the Scoreboard
Show All
Scores
Hide
Comments
May contain spoilers
Recently Published
Popular People in 1961
by mucciniale
History
6m
1-10 Letter E Words III
by El_Dandy
Language
2m
One Thing in Common: World Cities II
by knightlancer
Geography
7m
More to Explore
Quiz From the Vault
Featured Blog Post
Where Did the Easter Bunny Come From?
hide this ad
You Might Also Like...
Tags
Missing Word Quiz
Show Quiz
fill-in-the-blank
Ireland
Today's Top Quizzes in Just For Fun
Browse Just For Fun
hide this ad
Today's Top Quizzes in Show
Browse Show
Top Contributed Quizzes in Just For Fun
1
Harry Potter Logic - 'In Chains' II
2
Survivor Winners Logic Puzzle
3
Crossword Whiteout! 49
4
Letter's Position in the Alphabet Blitz
5
K-Pop Idol Olympics Logic Quiz II
6
Tapa Puzzle
7
Thermometer Puzzle 25
8
Aquarium Logic Puzzle 17
9
Clickable 1 to 100 Minefield
10
Word Ladder: Ahoy Matey
Explore More
Trending Topics
NBA
Harry Potter
Anime
Kpop
Crossword
Marvel
Disney
Soccer
Country
Song
WWE
The Office
Puzzle
NFL
Pokémon
hide this ad
More By:
Ireland
Quiz
Plays
Rating
Category
Featured
Created
Euro 2012 English Squad
45,384
4.06
Sports
May 16, 2012
American Idol Audition Cities
24,530
4.36
Television
Nov 16, 2010
Nation Quiz: Scotland
12,111
4.24
Geography
Mar 26, 2011
Winners of the X Factor (UK)
6,448
2.91
Television
Jan 12, 2010
Cricket World Cup Teams (All Time)
5,834
4.32
Sports
Feb 15, 2011
Go to Creator's Profile
Score Distribution
Quiz Creator Spotlight
Ireland
Follow
Send a Message
Quizzes Created
-
Created Quiz Play Count
-
More By This Creator
Popular Quizzes Today
1
Find the US States - No Outlines Minefield
2
The Countries of the World
3
Popular People in 1961
4
Find the Countries of Europe - No Outlines Minefield
5
1-10 Letter E Words III
6
Find the US States
7
One Thing in Common: World Cities II
8
US States
More Just For Fun Quizzes
Missing Word: 'Crazy' Songs
Published
Trending Quizzes
Country Music Stars Doing Things
Get the Picture: Carrie or Dolly
1-10 Letter F Words
1-10 Letter G Words
Risky Map Clicking: Next State Alphabetically
Recently Updated
Leaping Animals
pecheneg
Reality TV Shows (A-Z)
bhenderson79
Rickey Henderson's Hall of Fame Teammates
pecheneg
Champions League XIs: Arsenal
pecheneg
Quick Pick: Celebrities in WWE's Hall of Fame
aduchscher
A-Z Keypad Blitz II
pecheneg
Multiple Oscar Actors
pecheneg
Mystery Phrase Blitz: Oscar 'Best Actors'
pecheneg
F. Scott Fitzgerald Novels
LTH
Pick 3 Villains
ddd62291
Trending Topics
Marvel
Anime
Harry Potter
Crossword
Disney
Kpop
NBA
Puzzle
WWE
NFL
Song
The Office
Country
Soccer
Pokémon
Your Account Isn't Verified!
In order to create a playlist on Sporcle, you need to verify the email address you used during registration. Go to your
Sporcle Settings
to finish the process.
Report this User
Report this user for behavior that violates our
Community Guidelines
.
Details:
Send Report
Go to the Sporcle.com Mobile Site →
Comments